000 00480nam a22001097a 4500
008 110627t xxu||||| |||| 00| 0 eng d
010 _aHCMAF104
245 _aHigh Court Misc. Application No. 57 OF 2002 (Arising from High Court Civil Suit No. 1380 of 1986) Attorney General Vs Osotraco Limited
260 _c2002
500 _aBEFORE: THE HONOURABLE MR. JUSTICE FMS EGONDA-NTENDE
999 _c4125
_d4125